000 00749cam a22002413a 4500
001 29325
003 PGUSA
005 20140828083632.0
008 090705s2009||||xxu|||||s|||||000 | eng d
040 _aPGUSA
_beng
042 _adc
050 4 _aDG
100 1 _aMazzini, Giuseppe,
_d1805-1872
245 1 0 _aScritti di Giuseppe Mazzini :
_bPolitica ed economia, volume secondo
_h[electronic resource] /
_cGiuseppe Mazzini
260 _bProject Gutenberg,
_c2009
506 _aPublic domain in the USA.
516 _aElectronic text
653 _aItaly -- Economic conditions
653 _aItaly -- Politics and government -- 1815-1870
830 0 _aProject Gutenberg
_v29325
856 4 0 _uhttp://www.gutenberg.org/ebooks/29325
942 _cEB
999 _c258580
_d258580